| 000 | 01384cam a2200337 a 4500 | ||
|---|---|---|---|
| 001 | 11883911 | ||
| 005 | 20160417142339.0 | ||
| 008 | 000107s2000 cau b 000 0 eng | ||
| 010 | _a 00020586 | ||
| 020 | _a | ||
| 020 | _a0833028138 | ||
| 040 |
_aDLC _cDLC _dDLC |
||
| 043 |
_an-us--- _aa-iq--- |
||
| 050 | 0 | 0 |
_aE183.8.I57 _bB9 2000 |
| 082 | 0 | 0 |
_a327.730567 _222 _bBYM |
| 100 | 1 |
_910268 _aByman, Daniel, _d1967- |
|
| 245 | 1 | 0 |
_aConfronting Iraq : _bU.S. Policy and the Use of Force since the Gulf War / _cDaniel L. Byman, Matthew C. Waxman |
| 260 |
_aSanta Monica, CA : _bRAND, 2000 _c2000. |
||
| 300 |
_a 101 p. ; _c23 cm. |
||
| 500 | _aDonation | ||
| 504 | _aIncludes bibliographical references p. 93-101 and index | ||
| 530 | _aAlso available in electronic form via the RAND Corporation Web site. | ||
| 651 | 0 |
_aUnited States _xForeign relations _zIraq. _910269 |
|
| 651 | 0 |
_aIraq _xForeign relations _zUnited States. _910270 |
|
| 651 | 0 |
_aUnited States _xForeign relations _y1989- _910271 |
|
| 651 | 0 |
_aUnited States _xMilitary policy. _910272 |
|
| 700 | 1 |
_aWaxman, Matthew C., _d1972- _910273 |
|
| 856 | 4 | 1 | _uhttp://www.rand.org/publications/MR/MR1146/ |
| 942 |
_2ddc _cBB |
||
| 999 |
_c13114 _d13114 |
||